000 00381nam a22001577a 4500
003 MPLRDC
005 20220104125554.0
008 210129b ||||| |||| 00| 0 eng d
082 _a947.413 GZH v.13*
100 _a桂正和著
245 _a电影少女. 十三
_c
260 _a
_b东立出版社有限公司
_c
300 _b
650 _a
942 _cBK
_o947.413 GZH v.13*
999 _c28420
_d28410